[Event "Ýòàï Êóáêà Ðîññèè ïî øàõìàòàì ñðåäè æåí"]
[Site "Naberezhnye Chelny"]
[Date "2017.08.02"]
[Round "1.1"]
[White "Íå÷àåâà, Ìàðèíà."]
[Black "Çèííàòóëëèíà, Àäåëÿ."]
[Result "1-0"]
[WhiteElo "2430"]
[BlackElo "1906"]
[PlyCount "147"]
[EventDate "2017.08.02"]

1. d4 Nf6 2. c4 e6 3. Nc3 Bb4 4. Nf3 O-O 5. Bg5 d5 6. cxd5 Bxc3+ 7. bxc3 exd5
8. e3 c6 9. Qc2 h6 10. Bh4 b6 11. a4 Nbd7 12. Be2 Qe8 13. c4 Bb7 14. O-O Rc8
15. c5 Ne4 16. cxb6 axb6 17. a5 b5 18. Bg3 Qe7 19. Nd2 Nxd2 20. Qxd2 Ba6 21.
Rfe1 Nf6 22. f3 c5 23. dxc5 Rxc5 24. Bd3 Qd7 25. Be5 Qe7 26. Bd4 Rc6 27. Reb1
Rb8 28. Qe2 Qb7 29. Rb4 Qc7 30. Qf1 Ne8 31. Bxb5 Qd6 32. Rbb1 Bxb5 33. Rxb5 Ra8
34. Rb6 Rxa5 35. Rxa5 Rxb6 36. Bxb6 Qxb6 37. Qe1 Nf6 38. Qd2 Qb3 39. Rc5 Qb1+
40. Qc1 Qb4 41. Rc8+ Kh7 42. Qc2+ g6 43. Qc3 Qb1+ 44. Qc1 Qb4 45. Qa1 Qb6 46.
Qd4 Qb1+ 47. Kf2 Qf5 48. Rc6 Ne4+ 49. Ke2 Ng5 50. Rd6 Qc2+ 51. Qd2 Qc4+ 52. Kf2
Qh4+ 53. Kg1 Qa4 54. Rxd5 Qa1+ 55. Qd1 Qc3 56. Rd3 Qc5 57. Kf2 Ne6 58. g3 h5
59. Rd5 Qc3 60. h4 Qb2+ 61. Qd2 Qa1 62. Kg2 Qf6 63. Qc2 Ng7 64. e4 Qe6 65. Qb2
Qc6 66. Rd8 Qc4 67. Rf8 f5 68. exf5 gxf5 69. Rb8 Ne6 70. Rb7+ Kg8 71. Ra7 Qd3
72. Qb8+ Nd8 73. Qe5 Nf7 74. Qe8+ 1-0

[Event "Ýòàï Êóáêà Ðîññèè ïî øàõìàòàì ñðåäè æåí"]
[Site "Naberezhnye Chelny"]
[Date "2017.08.02"]
[Round "1.2"]
[White "Ãóòêîâè÷, Ïîëèíà."]
[Black "Âàñèëåâè÷, Òàòüÿíà."]
[Result "1-0"]
[WhiteElo "1882"]
[BlackElo "2427"]
[PlyCount "105"]
[EventDate "2017.08.02"]

1. d4 Nf6 2. c4 c5 3. d5 b5 4. cxb5 a6 5. Nc3 d6 6. e4 g6 7. Nf3 Bg7 8. a4 O-O
9. Bd2 Bb7 10. Be2 axb5 11. axb5 Nbd7 12. O-O Qc7 13. Qc2 Nb6 14. Na4 Nxa4 15.
Rxa4 Rxa4 16. Qxa4 Ra8 17. Qc4 e6 18. dxe6 Nxe4 19. Bc3 f5 20. Bxg7 Qxg7 21.
Rd1 Qxb2 22. e7+ Kg7 23. Ne1 Qf6 24. Nc2 Qxe7 25. Ne3 Qe5 26. Nd5 Ra1 27. Nb6
d5 28. Qc2 c4 29. Na4 Rxd1+ 30. Bxd1 c3 31. f3 Qd4+ 32. Kf1 Nd2+ 33. Ke2 Qe5+
34. Kf2 d4 35. Qd3 Be4 36. fxe4 fxe4 37. Qe2 Qxh2 38. Qg4 Qc7 39. b6 Qf7+ 40.
Kg3 h5 41. Qg5 Nc4 42. Qc5 d3 43. Nxc3 Nd2 44. Qe5+ Kh7 45. Nxe4 Nf1+ 46. Kh4
Qf8 47. b7 Ne3 48. Ng5+ Kh6 49. Qxe3 Qb8 50. Nf3+ Kh7 51. Qe7+ Kh6 52. Qg5+ Kh7
53. Ne5 1-0

[Event "Ýòàï Êóáêà Ðîññèè ïî øàõìàòàì ñðåäè æåí"]
[Site "Naberezhnye Chelny"]
[Date "2017.08.02"]
[Round "1.3"]
[White "×àðî÷êèíà, Äàðüÿ."]
[Black "Òåðÿåâà, Âàëåðèÿ."]
[Result "1-0"]
[WhiteElo "2337"]
[BlackElo "1805"]
[PlyCount "57"]
[EventDate "2017.08.02"]

1. c4 f5 2. Nc3 Nf6 3. d3 e5 4. g3 Bb4 5. Bd2 c6 6. Qb3 Qe7 7. Nf3 Na6 8. a3
Bxc3 9. Qxc3 e4 10. Nh4 d5 11. Bh3 exd3 12. Qxd3 Nc5 13. Qe3 Qxe3 14. Bxe3 Nb3
15. Rd1 g6 16. Bh6 Rg8 17. cxd5 Nxd5 18. O-O f4 19. Bxc8 Rxc8 20. gxf4 Nxf4 21.
Bxf4 g5 22. Bxg5 Rxg5+ 23. Kh1 Ke7 24. e4 Nc5 25. Nf5+ Kf8 26. f4 Rg4 27. Nd6
Rc7 28. e5 Rd7 29. f5 1-0

[Event "Ýòàï Êóáêà Ðîññèè ïî øàõìàòàì ñðåäè æåí"]
[Site "Naberezhnye Chelny"]
[Date "2017.08.02"]
[Round "1.4"]
[White "Íèêîíîâà, Èðèíà."]
[Black "Ìèðçîåâà, Ýëüìèðà."]
[Result "0-1"]
[WhiteElo "1791"]
[BlackElo "2312"]
[PlyCount "74"]
[EventDate "2017.08.02"]

1. e4 c6 2. d4 d5 3. Nd2 dxe4 4. Nxe4 Bf5 5. Ng3 Bg6 6. h4 h6 7. h5 Bh7 8. Nf3
e6 9. Bd3 Bxd3 10. Qxd3 Nf6 11. Bf4 Qa5+ 12. Bd2 Qc7 13. O-O-O Nbd7 14. Kb1 c5
15. Qe2 Be7 16. Rhe1 O-O 17. Ne5 cxd4 18. Ng6 fxg6 19. Qxe6+ Kh8 20. Qxe7 Rac8
21. Rc1 Nxh5 22. Nxh5 gxh5 23. Qh4 Qd6 24. Re4 d3 25. Rd4 dxc2+ 26. Ka1 Qf6 27.
Bc3 Qxh4 28. Rxh4 Rxf2 29. Rxh5 Kh7 30. Rd5 Rc7 31. Rd2 Rxd2 32. Bxd2 Nc5 33.
Bc3 Rf7 34. Rg1 Rf2 35. b4 Rxg2 36. Rh1 Nd3 37. Bb2 Rd2 0-1

[Event "Ýòàï Êóáêà Ðîññèè ïî øàõìàòàì ñðåäè æåí"]
[Site "Naberezhnye Chelny"]
[Date "2017.08.02"]
[Round "1.5"]
[White "Õëè÷êîâà, Òàòüÿíà."]
[Black "ßêèìîâà, Ìàðèÿ."]
[Result "1-0"]
[WhiteElo "2280"]
[BlackElo "1708"]
[PlyCount "67"]
[EventDate "2017.08.02"]

1. d4 Nf6 2. Bg5 e6 3. Nd2 d5 4. e3 c5 5. c3 b6 6. f4 Be7 7. Bd3 a5 8. Ngf3 Ba6
9. Bxa6 Nxa6 10. Bxf6 gxf6 11. O-O O-O 12. f5 Qc7 13. Ne1 Kh8 14. Qh5 e5 15.
Rf3 Rg8 16. dxe5 Qxe5 17. Nd3 Qd6 18. Qxf7 Rg7 19. Qh5 Rag8 20. Nf4 Rg5 21. Qh3
Nc7 22. Rd1 Qd7 23. Ne4 Qa4 24. Nxg5 Qxd1+ 25. Rf1 Qxf1+ 26. Kxf1 fxg5 27. Ng6+
Kg7 28. Nxe7 Re8 29. Nc6 d4 30. exd4 Nd5 31. Ne5 cxd4 32. cxd4 Nf6 33. Qb3 Re7
34. Qxb6 1-0

[Event "Ýòàï Êóáêà Ðîññèè ïî øàõìàòàì ñðåäè æåí"]
[Site "Naberezhnye Chelny"]
[Date "2017.08.02"]
[Round "1.6"]
[White "Ñîñíèíà, Åêàòåðèíà."]
[Black "Ñåìåíîâà, Åëåíà."]
[Result "0-1"]
[WhiteElo "1707"]
[BlackElo "2269"]
[PlyCount "62"]
[EventDate "2017.08.02"]

1. e4 c5 2. Nf3 d6 3. d4 Nf6 4. Nc3 cxd4 5. Nxd4 a6 6. Bc4 e6 7. Bb3 Be7 8. g4
h6 9. h4 b5 10. Qf3 Nfd7 11. e5 d5 12. Nxd5 exd5 13. Qxd5 O-O 14. Qxa8 Qc7 15.
Qe4 Bb7 16. Bd5 Nc5 17. Qe2 Bxd5 18. Rh3 Bc4 19. Qf3 Qxe5+ 20. Be3 Bd5 21. Qe2
Nc6 22. O-O-O Nxd4 23. Rxd4 Ne6 24. Rd2 Bc4 25. Qd1 Bxa2 26. g5 Ba3 27. Bd4
Nxd4 28. Rxa3 Qf4 29. gxh6 Rc8 30. Re3 Qxe3 31. h7+ Kh8 0-1

[Event "Ýòàï Êóáêà Ðîññèè ïî øàõìàòàì ñðåäè æåí"]
[Site "Naberezhnye Chelny"]
[Date "2017.08.02"]
[Round "1.7"]
[White "Ìàêàðåíêî, Àëåêñàíäðà."]
[Black "Ëûñåíêî, Îëåñÿ."]
[Result "1-0"]
[WhiteElo "2231"]
[BlackElo "1690"]
[PlyCount "51"]
[EventDate "2017.08.02"]

1. e4 e5 2. Nf3 Nc6 3. Bb5 a6 4. Ba4 Nf6 5. O-O Be7 6. Re1 b5 7. Bb3 d6 8. c3
O-O 9. h3 Nb8 10. d4 Nbd7 11. Nbd2 Bb7 12. Bc2 Re8 13. Nf1 Bf8 14. Ng3 g6 15.
Bg5 Bg7 16. Qd2 Nb6 17. Nh4 exd4 18. cxd4 h6 19. Bxh6 Nxe4 20. Bxe4 Bxe4 21.
Bg5 f6 22. Nxe4 fxg5 23. Nf3 Nc4 24. Qc2 g4 25. hxg4 Qd7 26. Neg5 1-0

[Event "Ýòàï Êóáêà Ðîññèè ïî øàõìàòàì ñðåäè æåí"]
[Site "Naberezhnye Chelny"]
[Date "2017.08.02"]
[Round "1.8"]
[White "Ôàéðóçîâà, Çóëüôèÿ."]
[Black "Ñàìóñåíêî, Ðàìçèÿ."]
[Result "0-1"]
[WhiteElo "1668"]
[BlackElo "2228"]
[PlyCount "62"]
[EventDate "2017.08.02"]

1. d4 d6 2. c4 e5 3. d5 f5 4. Nc3 Nf6 5. Bg5 Be7 6. Bxf6 Bxf6 7. e4 O-O 8. Bd3
Na6 9. Nge2 Nc5 10. b4 Nxd3+ 11. Qxd3 a5 12. b5 b6 13. O-O f4 14. f3 Qe8 15.
Nd1 Qg6 16. Nf2 Bh4 17. Nc3 Bd7 18. Qe2 Qh5 19. Nh1 Rf6 20. g4 fxg3 21. hxg3
Rg6 22. Qh2 Rf8 23. Qg2 Qg5 24. Ne2 Qe3+ 25. Qf2 Rxf3 26. Qxe3 Rxe3 27. Kf2 Bg5
28. Ng1 Rxe4 29. Nf3 Rxc4 30. a4 Rc2+ 31. Kg1 Be3+ 0-1

[Event "Ýòàï Êóáêà Ðîññèè ïî øàõìàòàì ñðåäè æåí"]
[Site "Naberezhnye Chelny"]
[Date "2017.08.02"]
[Round "1.9"]
[White "Øàéäóëëèíà, Ñàíäóãà÷."]
[Black "Ñîñíèíà, Íàäåæäà."]
[Result "0-1"]
[WhiteElo "2224"]
[BlackElo "1664"]
[PlyCount "114"]
[EventDate "2017.08.02"]

1. d4 Nf6 2. c4 d6 3. Nf3 g6 4. g3 Bg7 5. Bg2 O-O 6. O-O Nbd7 7. Nc3 e5 8. h3
exd4 9. Nxd4 Re8 10. e4 Nc5 11. Re1 a5 12. Ndb5 Be6 13. Bf1 Bd7 14. Qc2 a4 15.
Bf4 Bxb5 16. cxb5 a3 17. Rad1 axb2 18. b6 c6 19. Rxd6 Qxb6 20. e5 Nh5 21. Nd5
Qa5 22. Bd2 Qxa2 23. Nb4 Qb3 24. Qxb3 Nxb3 25. Bc3 Ra1 26. Rdd1 Rxd1 27. Rxd1
Bxe5 28. Bxe5 Rxe5 29. Rb1 Nd2 30. Rxb2 Nxf1 31. Kxf1 Rb5 32. Ke2 Kf8 33. Ke3
Nf6 34. Kd2 Nd5 35. Nd3 Rxb2+ 36. Nxb2 Ke7 37. Kd3 b5 38. Kd4 Kd6 39. Nd3 Nc7
40. f4 c5+ 41. Ke4 c4 42. Ne5 f6 43. Nf7+ Kc5 44. g4 b4 45. Ke3 b3 46. Kd2 b2
47. Kc2 c3 48. g5 fxg5 49. Nxg5 Nd5 50. h4 Kc4 51. Ne6 Nb4+ 52. Kb1 h5 53. f5
gxf5 54. Nd4 c2+ 55. Nxc2 Nxc2 56. Kxc2 f4 57. Kxb2 f3 0-1

[Event "Ýòàï Êóáêà Ðîññèè ïî øàõìàòàì ñðåäè æåí"]
[Site "Naberezhnye Chelny"]
[Date "2017.08.02"]
[Round "1.10"]
[White "Ãàåð, Ìàðãàðèòà."]
[Black "Ñìèðíîâà, Åêàòåðèíà."]
[Result "0-1"]
[WhiteElo "1661"]
[BlackElo "2169"]
[PlyCount "100"]
[EventDate "2017.08.02"]

1. d4 d5 2. Nf3 Nf6 3. Bf4 c6 4. e3 Qb6 5. Qc1 Bf5 6. Bd3 Bxd3 7. cxd3 e6 8.
O-O Nbd7 9. Nc3 Nh5 10. Bg5 h6 11. Bh4 g5 12. Bg3 Nxg3 13. hxg3 Bd6 14. Qc2 g4
15. Nd2 h5 16. Ne2 h4 17. gxh4 Rxh4 18. g3 Rh6 19. Kg2 O-O-O 20. Rh1 Rdh8 21.
Rxh6 Rxh6 22. Rh1 Rxh1 23. Kxh1 Qd8 24. Qd1 Qg5 25. Qg1 Qg6 26. Qb1 e5 27. dxe5
Nxe5 28. Nf4 Qh6+ 29. Kg2 Nd7 30. Qh1 Bxf4 31. gxf4 Qxh1+ 32. Kxh1 Nc5 33. Kg2
Nxd3 34. b3 Kd7 35. f3 Ne1+ 36. Kf2 Nxf3 37. Nxf3 gxf3 38. Kxf3 Ke6 39. e4
dxe4+ 40. Kxe4 f5+ 41. Kd4 Kd6 42. b4 b6 43. a3 c5+ 44. Kc4 cxb4 45. axb4 a5
46. b5 Ke6 47. Kd4 a4 48. Kc4 a3 49. Kb3 Kd5 50. Kxa3 Ke4 0-1

[Event "Ýòàï Êóáêà Ðîññèè ïî øàõìàòàì ñðåäè æåí"]
[Site "Naberezhnye Chelny"]
[Date "2017.08.02"]
[Round "1.11"]
[White "Õàðìóíîâà, Íàäåæäà."]
[Black "Ñòðîãàíîâà, Êàðèíà."]
[Result "1-0"]
[WhiteElo "2162"]
[BlackElo "1631"]
[PlyCount "59"]
[EventDate "2017.08.02"]

1. d4 d5 2. Nf3 Bf5 3. g3 e6 4. Bg2 Nf6 5. O-O h6 6. c4 Bd6 7. Nc3 c6 8. Qb3
Qc8 9. Nh4 Bh7 10. f4 O-O 11. f5 dxc4 12. Qxc4 exf5 13. Bh3 Ng4 14. Qd3 f4 15.
Qf3 f5 16. Bxf4 Bxf4 17. gxf4 Qd8 18. Qg3 Qxd4+ 19. Kh1 h5 20. Rad1 Qb6 21. Nf3
Qxb2 22. Ng5 Re8 23. Bxg4 fxg4 24. Nxh7 Kxh7 25. Qd3+ Kg8 26. Rb1 Qa3 27. Rxb7
Na6 28. Qd4 Re7 29. Rxe7 Qxe7 30. Qc4+ 1-0

[Event "Ýòàï Êóáêà Ðîññèè ïî øàõìàòàì ñðåäè æåí"]
[Site "Naberezhnye Chelny"]
[Date "2017.08.02"]
[Round "1.12"]
[White "Ìàãèçîâà, ßíà."]
[Black "Ëûñåíêî, Ìàðãàðèòà."]
[Result "0-1"]
[WhiteElo "1552"]
[BlackElo "2117"]
[PlyCount "82"]
[EventDate "2017.08.02"]

1. e4 c5 2. c4 Nc6 3. Nc3 g6 4. g3 Bg7 5. Bg2 e6 6. Nge2 d6 7. d3 Nge7 8. Be3
Nd4 9. Bxd4 cxd4 10. Nb5 Qb6 11. Qb3 O-O 12. O-O a6 13. Na3 Qc5 14. Rac1 Rb8
15. Kh1 Bd7 16. f4 f5 17. h3 e5 18. Qd1 Bc6 19. Nc2 b5 20. b4 Qa7 21. fxe5 dxe5
22. c5 Qb7 23. Kh2 fxe4 24. dxe4 Bxe4 25. Bxe4 Qxe4 26. Ng1 d3 27. Na1 Rxf1 28.
Qxf1 Rf8 29. Qg2 Qxg2+ 30. Kxg2 Nd5 31. Nb3 Nxb4 32. a3 Nc2 33. Nf3 e4 34. Ne1
Ne3+ 35. Kh2 Bb2 36. Rb1 Bxa3 37. c6 Bd6 38. Nd4 Rf2+ 39. Kg1 Bxg3 40. Nxd3
exd3 41. Nb3 d2 0-1

[Event "Ýòàï Êóáêà Ðîññèè ïî øàõìàòàì ñðåäè æåí"]
[Site "Naberezhnye Chelny"]
[Date "2017.08.02"]
[Round "1.13"]
[White "Êîçèíà, Àíàñòàñèÿ."]
[Black "Áóäêèíà, Êàðîëèíà."]
[Result "1-0"]
[WhiteElo "2087"]
[BlackElo "1529"]
[PlyCount "63"]
[EventDate "2017.08.02"]

1. e4 e5 2. Nf3 Nc6 3. Bb5 Nf6 4. d3 Bc5 5. c3 d6 6. h3 h6 7. O-O O-O 8. Re1
Qe7 9. Nbd2 Nh5 10. Nc4 Qf6 11. b4 Bb6 12. a4 a5 13. Nxb6 cxb6 14. bxa5 bxa5
15. Nxe5 Qxe5 16. d4 Qf6 17. Qxh5 Bd7 18. Ba3 Rac8 19. e5 Qf4 20. Bxd6 Rfd8 21.
e6 Qxd6 22. Qxf7+ Kh8 23. exd7 Rxd7 24. Re8+ Rxe8 25. Qxe8+ Kh7 26. Bd3+ g6 27.
Bxg6+ Kg7 28. Re1 Rc7 29. Bh5 Qf6 30. Re6 Qf5 31. Rg6+ Kh7 32. Qg8# 1-0

[Event "Ýòàï Êóáêà Ðîññèè ïî øàõìàòàì ñðåäè æåí"]
[Site "Naberezhnye Chelny"]
[Date "2017.08.02"]
[Round "1.14"]
[White "Àõòûðñêàÿ, Àíàñòàñèÿ."]
[Black "Àçèìîâà, Êàðèíà."]
[Result "0-1"]
[WhiteElo "1495"]
[BlackElo "2063"]
[PlyCount "108"]
[EventDate "2017.08.02"]

1. e4 Nf6 2. Nc3 d5 3. e5 Nfd7 4. d4 c5 5. f4 cxd4 6. Qxd4 e6 7. Nf3 Bc5 8. Qd1
Nc6 9. Bd3 a6 10. Qe2 Nf8 11. Nd1 Ng6 12. Nf2 Bd7 13. a3 Nce7 14. O-O O-O 15.
Kh1 Bc6 16. Bd2 Qd7 17. Rac1 Rad8 18. c3 Nf5 19. Bxf5 exf5 20. Nd3 Ba7 21. Nfe1
d4 22. c4 b5 23. c5 Be4 24. b4 Ne7 25. Nf3 h6 26. Be1 Nc6 27. Nd2 Bd5 28. Bf2
Rfe8 29. Qh5 Re6 30. Qxf5 Bxg2+ 31. Kg1 Qd5 32. Rfe1 Rg6 33. Bg3 Bh1 34. Qh3
Ne7 35. Re2 Bf3 36. Rf2 Be4 37. f5 Nxf5 38. Nf4 Rxg3+ 39. hxg3 Qxe5 40. Nxe4
Qxe4 41. Ng2 Ne3 42. Re1 Bb8 43. Rfe2 Be5 44. Kh2 Qf3 45. Nxe3 dxe3 46. Qg2
Qh5+ 47. Qh3 Qf3 48. Qh4 Rd4 49. Qh3 Rd2 50. Qg2 Bxg3+ 51. Qxg3 Rxe2+ 52. Rxe2
Qxe2+ 53. Kh3 Qf1+ 54. Qg2 e2 0-1

[Event "Ýòàï Êóáêà Ðîññèè ïî øàõìàòàì ñðåäè æåí"]
[Site "Naberezhnye Chelny"]
[Date "2017.08.02"]
[Round "1.15"]
[White "×åêìàðåâà, Ëèÿ."]
[Black "Àëèøåâà, Àéãóëü."]
[Result "1-0"]
[WhiteElo "2054"]
[BlackElo "1372"]
[PlyCount "75"]
[EventDate "2017.08.02"]

1. e4 c5 2. Nc3 d6 3. g3 Nc6 4. Bg2 e6 5. d3 Nf6 6. h3 Bd7 7. Be3 Rb8 8. Qd2 b5
9. f4 g6 10. Nge2 Bg7 11. O-O O-O 12. e5 dxe5 13. Bxc5 Re8 14. Bd6 Rb7 15. fxe5
Nd5 16. Nxd5 exd5 17. Bxd5 Qb6+ 18. Kh2 Bf5 19. Bxc6 Qxc6 20. Nd4 Qd7 21. Nxf5
gxf5 22. Qg5 Rb6 23. Rf2 a5 24. Raf1 b4 25. Rxf5 Rc6 26. Rxf7 Rxc2+ 27. Kg1
Qxf7 28. Rxf7 Kxf7 29. Qh5+ Ke6 30. Qxe8+ Kd5 31. Qf7+ Kd4 32. Qxg7 Rc1+ 33.
Kf2 Rc2+ 34. Kf3 Kxd3 35. e6 Re2 36. Qxh7+ Kd2 37. Bf4+ Ke1 38. Qb1# 1-0

[Event "Ýòàï Êóáêà Ðîññèè ïî øàõìàòàì ñðåäè æåí"]
[Site "Naberezhnye Chelny"]
[Date "2017.08.02"]
[Round "1.16"]
[White "Ìàëüöåâà, Àëåêñàíäðà."]
[Black "Øàôèãóëëèíà, Çàðèíà."]
[Result "0-1"]
[WhiteElo "1367"]
[BlackElo "2048"]
[PlyCount "72"]
[EventDate "2017.08.02"]

1. d4 Nf6 2. c4 e6 3. Nc3 Bb4 4. Bd2 O-O 5. a3 Bxc3 6. Bxc3 d5 7. e3 Ne4 8. Bb4
Re8 9. Qc2 Nc6 10. cxd5 Nxb4 11. Qxe4 exd5 12. Qb1 Nc6 13. Be2 Qg5 14. g3 Bf5
15. Qd1 Qf6 16. Nf3 Bh3 17. Ng1 Bg2 18. Bf3 Bxh1 19. Bxh1 Nxd4 20. Bxd5 Rad8
21. e4 c6 22. Bc4 Rxe4+ 23. Be2 Nxe2 24. Qxe2 Rxe2+ 25. Nxe2 Qxb2 26. Rd1 Rxd1+
27. Kxd1 c5 28. f4 c4 29. h4 Qxa3 30. g4 b5 31. g5 b4 32. Kc2 Qd3+ 33. Kc1 c3
34. Nxc3 bxc3 35. g6 Qd2+ 36. Kb1 Qb2# 0-1

[Event "Ýòàï Êóáêà Ðîññèè ïî øàõìàòàì ñðåäè æåí"]
[Site "Naberezhnye Chelny"]
[Date "2017.08.02"]
[Round "1.17"]
[White "Áåëîâà, Îëüãà."]
[Black "Øàêèðîâà, Êàðèíà."]
[Result "1-0"]
[WhiteElo "2039"]
[BlackElo "1290"]
[PlyCount "87"]
[EventDate "2017.08.02"]

1. e4 e5 2. Nf3 Nc6 3. Bb5 Nf6 4. O-O Bc5 5. Nxe5 Nd4 6. Bc4 O-O 7. c3 Nc6 8.
Nxc6 dxc6 9. d4 Bb6 10. Bg5 h6 11. Bh4 g5 12. Bg3 Nxe4 13. Qh5 Qf6 14. Be5 Qf5
15. f3 Nf6 16. Bxf6 Qxf6 17. Nd2 Bd7 18. Ne4 Qg7 19. Kh1 Kh7 20. f4 Qg6 21.
Nxg5+ Kg7 22. Qxg6+ fxg6 23. Ne4 Rae8 24. Rae1 Bf5 25. Ng3 Bd7 26. Re5 a6 27.
Rfe1 Ba7 28. Re7+ Kh8 29. R1e5 Rd8 30. Bf7 Be8 31. Bxe8 Rdxe8 32. Rxe8 Rxe8 33.
Rxe8+ Kg7 34. Re7+ Kf6 35. Rxc7 Bb8 36. Rc8 Bxf4 37. Rf8+ Kg5 38. Ne4+ Kg4 39.
h3+ Kh5 40. Rxf4 b5 41. g4+ Kh4 42. Kg2 g5 43. Rf6 a5 44. Rxh6# 1-0

[Event "Ýòàï Êóáêà Ðîññèè ïî øàõìàòàì ñðåäè æåí"]
[Site "Naberezhnye Chelny"]
[Date "2017.08.02"]
[Round "1.18"]
[White "Íóðóëëèíà, Ðàëèíà."]
[Black "Ïîãîðåëüñêèõ, Ñîôüÿ."]
[Result "0-1"]
[WhiteElo "1277"]
[BlackElo "1965"]
[PlyCount "106"]
[EventDate "2017.08.02"]

1. e4 c5 2. Nf3 d6 3. d4 cxd4 4. Qxd4 Nc6 5. Bb5 Bd7 6. Bxc6 Bxc6 7. Nc3 Nf6 8.
Bg5 e6 9. O-O-O Be7 10. Qd3 Qa5 11. h4 h6 12. Bxf6 Bxf6 13. g4 Bxc3 14. Qxc3
Qxc3 15. bxc3 Bxe4 16. Rh3 Ke7 17. Nd4 h5 18. Re3 d5 19. f3 Bg6 20. g5 Rhc8 21.
f4 Kd6 22. Nb5+ Kc5 23. Nd4 Re8 24. Kb2 b5 25. Ka3 Rab8 26. Nb3+ Kd6 27. Kb2
Rec8 28. Rd4 b4 29. Rd2 a5 30. a4 Rc4 31. Rd4 bxc3+ 32. Rxc3 Rxd4 33. Kc1 Rxa4
34. Kd2 Rxf4 35. Nxa5 Rxh4 36. Rc6+ Kd7 37. Ra6 Rh2+ 38. Ke3 Rxc2 39. Ra7+ Rc7
40. Ra6 h4 41. Kf3 Be4+ 42. Kg4 Rh8 43. Kh3 Bf5+ 44. Kh2 h3 45. g6 fxg6 46. Nc4
Rxc4 47. Ra7+ Kd6 48. Ra6+ Ke5 49. Kh1 h2 50. Rxe6+ Kxe6 51. Kg2 h1=Q+ 52. Kg3
Rh3+ 53. Kf2 Rc2# 0-1

[Event "Ýòàï Êóáêà Ðîññèè ïî øàõìàòàì ñðåäè æåí"]
[Site "Naberezhnye Chelny"]
[Date "2017.08.03"]
[Round "2.1"]
[White "Ëûñåíêî, Ìàðãàðèòà."]
[Black "Íå÷àåâà, Ìàðèíà."]
[Result "0-1"]
[WhiteElo "2126"]
[BlackElo "2432"]
[PlyCount "132"]
[EventDate "2017.08.02"]

1. e4 c6 2. d4 d5 3. e5 Bf5 4. Nf3 e6 5. Be2 Ne7 6. O-O Bg6 7. Nbd2 Nd7 8. Nb3
Nf5 9. Bd2 Be7 10. g4 Nh6 11. h3 Ng8 12. Ne1 h5 13. gxh5 Bf5 14. Bg4 g6 15.
hxg6 fxg6 16. Nd3 Nh6 17. Bxh6 Rxh6 18. Nf4 Kf7 19. Qf3 Qh8 20. Nd2 Rf8 21. c4
Ke8 22. cxd5 exd5 23. Qg3 Bh4 24. Qg2 Bg5 25. e6 Bxf4 26. exd7+ Kxd7 27. Nf3
Rxh3 28. Qxh3 Qxh3 29. Bxh3 Bxh3 30. Rfe1 Kd6 31. Ne5 Rf5 32. f3 Rg5+ 33. Kh1
Rg2 34. b3 Bg3 35. Nf7+ Kd7 36. Ne5+ Kc7 37. Red1 g5 38. Ng4 Re2 39. Rg1 Bf4
40. a4 a5 41. Rge1 Rd2 42. Kg1 Rxd4 43. Nf2 Bf5 44. Re7+ Kb6 45. Rf7 Bc2 46.
Re1 Bd6 47. Ng4 Bc5 48. Kh1 Bb4 49. Re2 Bxb3 50. Ne5 Bxa4 51. Nd7+ Kb5 52. Nf6
b6 53. Ne8 Bd1 54. Re3 a4 55. Nc7+ Kc4 56. Rf6 c5 57. Rxb6 a3 58. Nb5 Rd3 59.
Nd6+ Kd4 60. Nf5+ Kc3 61. Rxd3+ Kxd3 62. Kg2 a2 63. Ra6 Bb3 64. Nd6 Bc3 65. Nb7
c4 66. Nc5+ Kc2 0-1

[Event "Ýòàï Êóáêà Ðîññèè ïî øàõìàòàì ñðåäè æåí"]
[Site "Naberezhnye Chelny"]
[Date "2017.08.03"]
[Round "2.2"]
[White "Àçèìîâà, Êàðèíà."]
[Black "×àðî÷êèíà, Äàðüÿ."]
[Result "0-1"]
[WhiteElo "2061"]
[BlackElo "2344"]
[PlyCount "41"]
[EventDate "2017.08.02"]

1. e4 d5 2. exd5 Qxd5 3. Nc3 Qd6 4. d4 Nf6 5. Nf3 g6 6. Nb5 Qb6 7. c3 c6 8. Na3
Bg7 9. Bd3 O-O 10. O-O Qc7 11. Re1 Nd5 12. Bg5 Re8 13. Bh4 Nd7 14. Bg3 Qd8 15.
Qd2 N7f6 16. h3 Bf5 17. Bxf5 gxf5 18. Be5 Ne4 19. Qc1 f6 20. Bh2 Kh8 21. Qc2 {
çàïèñü íåðàçáîð~~èâà} 0-1

[Event "Ýòàï Êóáêà Ðîññèè ïî øàõìàòàì ñðåäè æåí"]
[Site "Naberezhnye Chelny"]
[Date "2017.08.03"]
[Round "2.3"]
[White "Ìèðçîåâà, Ýëüìèðà."]
[Black "Êîçèíà, Àíàñòàñèÿ."]
[Result "1/2-1/2"]
[WhiteElo "2307"]
[BlackElo "2132"]
[PlyCount "103"]
[EventDate "2017.08.02"]

1. d4 Nf6 2. c4 e6 3. Nf3 Bb4+ 4. Bd2 c5 5. Bxb4 cxb4 6. g3 O-O 7. Bg2 d6 8.
O-O Nc6 9. Nbd2 e5 10. d5 Nb8 11. a3 bxa3 12. Rxa3 Nbd7 13. b4 b6 14. Ne1 Bb7
15. Nd3 a5 16. bxa5 Rxa5 17. Rxa5 bxa5 18. Qb3 Qb6 19. Qxb6 Nxb6 20. Rb1 Nfd7
21. c5 dxc5 22. Nxc5 Nxc5 23. Rxb6 Ba6 24. Ne4 Nxe4 25. Rxa6 Nc3 26. Kf1 a4 27.
Ke1 Rd8 28. Ra5 e4 29. d6 Kf8 30. Kd2 Nb1+ 31. Kc1 Nc3 32. Kd2 Nb1+ 33. Kc2
Na3+ 34. Kc3 Nb1+ 35. Kb4 Rxd6 36. Rxa4 Rd4+ 37. Ka5 Rxa4+ 38. Kxa4 Nc3+ 39.
Kb4 Nxe2 40. Kc4 f5 41. f3 f4 42. fxe4 fxg3 43. hxg3 Nxg3 44. Kd5 Ke7 45. Bf3
Nf1 46. Kd4 Nd2 47. Be2 Nb3+ 48. Kd5 Na5 49. Ba6 h5 50. Bc8 Nb3 51. Ke5 Nc5 52.
Kf4 1/2-1/2

[Event "Ýòàï Êóáêà Ðîññèè ïî øàõìàòàì ñðåäè æåí"]
[Site "Naberezhnye Chelny"]
[Date "2017.08.03"]
[Round "2.4"]
[White "Øàôèãóëëèíà, Çàðèíà."]
[Black "Õëè÷êîâà, Òàòüÿíà."]
[Result "0-1"]
[WhiteElo "2086"]
[BlackElo "2285"]
[PlyCount "40"]
[EventDate "2017.08.02"]

1. d4 f5 2. Bg5 Nf6 3. Bxf6 exf6 4. e3 d5 5. Bd3 Be6 6. Ne2 Qd7 7. Nf4 Bf7 8.
c3 Nc6 9. Qc2 g6 10. h4 Bd6 11. g3 Ne7 12. Nd2 O-O-O 13. O-O-O Kb8 14. Kb1 h5
15. Be2 Nc8 16. Nb3 b6 17. Nd3 c6 18. a4 Qc7 19. Nb4 Ka8 20. Na6 Qb7 {çàïèñü
íåðàçáîð~~èâà} 0-1

[Event "Ýòàï Êóáêà Ðîññèè ïî øàõìàòàì ñðåäè æåí"]
[Site "Naberezhnye Chelny"]
[Date "2017.08.03"]
[Round "2.5"]
[White "Ñåìåíîâà, Åëåíà."]
[Black "×åêìàðåâà, Ëèÿ."]
[Result "1-0"]
[WhiteElo "2275"]
[BlackElo "2092"]
[PlyCount "147"]
[EventDate "2017.08.02"]

1. e4 c5 2. Nf3 e6 3. d4 cxd4 4. Nxd4 a6 5. Bd3 Ne7 6. O-O Nbc6 7. c3 Ng6 8.
Be3 Be7 9. Nd2 O-O 10. f4 b5 11. Qh5 Nh8 12. Rf3 g6 13. Qh6 f5 14. exf5 exf5
15. Rh3 Rf7 16. N2f3 Bf8 17. Qg5 Be7 18. Qg3 Rg7 19. a4 Bb7 20. Rd1 b4 21. Bc4+
Nf7 22. Nxc6 Bxc6 23. Ne5 Qe8 24. Bd4 d5 25. Nxc6 Qxc6 26. Bxg7 dxc4 27. Be5
Bc5+ 28. Kh1 Re8 29. Qh4 h6 30. cxb4 Bxb4 31. Re3 Qxa4 32. b3 cxb3 33. Qf6 Nxe5
34. Rxe5 Rxe5 35. Qxg6+ Kf8 36. Qf6+ Kg8 37. Qxe5 Bf8 38. Qe6+ Kh8 39. Qf6+ Kg8
40. Rb1 Qxf4 41. Qe6+ Kh7 42. Qxb3 Bg7 43. Qd3 Qg5 44. Rf1 Kg6 45. Qxa6+ Bf6
46. Qe6 Qg4 47. Qe8+ Kg7 48. h3 Qd4 49. Qh5 Bg5 50. Rxf5 Qa1+ 51. Kh2 Qa7 52.
Rxg5+ hxg5 53. Qxg5+ Kf7 54. Qf5+ Kg8 55. Qe6+ Kh7 56. h4 Qd4 57. Qf5+ Kh8 58.
Kh3 Qe3+ 59. g3 Qe2 60. h5 Qc4 61. Qf6+ Kg8 62. g4 Qd5 63. Qg6+ Kh8 64. Qe8+
Kg7 65. Qe7+ Kg8 66. Qe8+ Kg7 67. Qg6+ Kh8 68. Qf6+ Kg8 69. Kh4 Qh1+ 70. Kg5
Qd5+ 71. Kh6 Qd7 72. Qg6+ Kh8 73. g5 Qf7 74. Qf6+ 1-0

[Event "Ýòàï Êóáêà Ðîññèè ïî øàõìàòàì ñðåäè æåí"]
[Site "Naberezhnye Chelny"]
[Date "2017.08.03"]
[Round "2.6"]
[White "Ïîãîðåëüñêèõ, Ñîôüÿ."]
[Black "Ìàêàðåíêî, Àëåêñàíäðà."]
[Result "1/2-1/2"]
[WhiteElo "2028"]
[BlackElo "2243"]
[PlyCount "95"]
[EventDate "2017.08.02"]

1. e4 e5 2. Nf3 Nc6 3. Bb5 a6 4. Ba4 Nf6 5. O-O Be7 6. Re1 b5 7. Bb3 O-O 8. a4
Bb7 9. d3 d6 10. c3 Na5 11. Bc2 c5 12. Nbd2 Re8 13. Nf1 Bf8 14. Ng3 h6 15. h4
d5 16. Qe2 d4 17. Nf5 Bc8 18. Nh2 Bxf5 19. exf5 c4 20. cxd4 exd4 21. Qd1 Rxe1+
22. Qxe1 cxd3 23. Bxd3 Nb3 24. Rb1 Nc5 25. Bc2 d3 26. Bd1 bxa4 27. Nf3 Qd5 28.
Ra1 Qxf5 29. Bxa4 Rc8 30. Qa5 Nd5 31. Bd2 Be7 32. Bd1 Rb8 33. b4 Ne4 34. Bb3
Nxd2 35. Nxd2 Bxb4 36. Qxd5 Qxd5 37. Bxd5 Bxd2 38. Bc4 Bc3 39. Rd1 a5 40. Rxd3
Bf6 41. Rd7 Rb4 42. Bd5 Bxh4 43. Rxf7 Kh7 44. g3 Bf6 45. Ra7 Bc3 46. Rxa5 Rb1+
47. Kg2 Bxa5 48. Be4+ 1/2-1/2

[Event "Ýòàï Êóáêà Ðîññèè ïî øàõìàòàì ñðåäè æåí"]
[Site "Naberezhnye Chelny"]
[Date "2017.08.03"]
[Round "2.7"]
[White "Ñàìóñåíêî, Ðàìçèÿ."]
[Black "Áåëîâà, Îëüãà."]
[Result "1/2-1/2"]
[WhiteElo "2228"]
[BlackElo "2042"]
[PlyCount "36"]
[EventDate "2017.08.02"]

1. d4 d5 2. Nc3 Nf6 3. Bf4 e6 4. e3 a6 5. Bd3 c5 6. Nf3 Nc6 7. dxc5 Bxc5 8. a3
O-O 9. O-O h6 10. Ne5 Nd7 11. Nxd7 Bxd7 12. Qh5 f5 13. Bxh6 gxh6 14. Qg6+ Kh8
15. Qxh6+ Kg8 16. Qg6+ Kh8 17. Qh6+ Kg8 18. Qg6+ Kh8 1/2-1/2